00359nam a2200145Ia 4500008004100000020001400041041000800055082001700063100002500080245004500105250000600150260004000156300000800196650000900204210716s1974 xx 000 0 und d a471582921 aeng a005.133 MCCD aMccracken, Daniel D. aSimplified guide to fortran programming. a1 aNew YorkbJohn Wiley and Sonsc1974 a277 aNone